| 000 | 00387nam a2200133 4500 | ||
|---|---|---|---|
| 999 |
_c19081 _d19081 |
||
| 008 | 240212b ||||| |||| 00| 0 eng d | ||
| 020 | _a0751527378 | ||
| 082 |
_22005 _aDFic _bA1t |
||
| 100 |
_aAlbom, Mitch. _945949 |
||
| 245 |
_aTuesday with Morrie / _cMitch Albom. |
||
| 260 |
_aUnited States : _bTimewarner paperbacks, _c©1997. |
||
| 300 |
_axi, 210 pages ; _c17 cm. |
||
| 942 |
_2ddc _cDFIC |
||